Calciatori più preziosi per immagine - Morte subita - Statistics

Statistiche generali
  • Questo quiz è stato fatto 557 volte
    190 dall'ultimo reset
  • Il punteggio medio è 5 su 18
Answers on the Grid
Answers color-coded by a green-red scale on the quiz's grid according to % correct below.
Lamine Yamal
Jude Bellingham
Erling Haaland
Kylian Mbappé
Vinicius Junior
Bukayo Saka
Pedri
Florian Wirtz
Jamal Musiala
Federico Valverde
Cole Palmer
Declan Rice
Alexander Isak
Rodri
Julián Alvarez
Michael Olise
Alexis Mac Allister
Phil Foden
Rodrygo
Martin Ødegaard
Eduardo Camavinga
Aurélien Tchouaméni
Lautaro Martínez
Gavi
Harry Kane
Khvicha Kvaratskhelia
Luis Díaz
Moisés Caicedo
Xavi Simons
Bruno Guimarães
Nicolò Barella
Enzo Fernández
Josko Gvardiol
Dominik Szoboszlai
Gabriel Magalhães
Rafael Leão
 
Statistiche sulle risposte
Risposta % Corretto
Erling Haaland
68%
Lamine Yamal
54%
Kylian Mbappé
52%
Vinicius Junior
52%
Jude Bellingham
46%
Cole Palmer
32%
Jamal Musiala
29%
Florian Wirtz
26%
Federico Valverde
25%
Bukayo Saka
24%
Pedri
22%
Phil Foden
21%
Rodri
20%
Julián Alvarez
20%
Alexander Isak
16%
Declan Rice
16%
Michael Olise
11%
Alexis Mac Allister
3%
Nessun quiz corrispondente trovato
Distribuzione punteggi
Percentuale di utenti per punteggio
Percentile per numero di risposta
I tuoi punteggi nel tempo
Non hai fatto questo quiz dall'ultimo reset